Gynaecology by ten teachers (Record no. 8333)
[ view plain ]
| 000 -LEADER | |
|---|---|
| fixed length control field | 01319nam a22001937a 4500 |
| 020 ## - INTERNATIONAL STANDARD BOOK NUMBER | |
| ISBN | 9781498744614 |
| 050 ## - CALL NUMBER | |
| Classification number | RG123 |
| Item number | .G99 |
| 245 ## - TITLE | |
| Title | Gynaecology by ten teachers |
| Statement of responsibility, etc | Helen Bickerstaff (Editor), Louise C. Kenny (Editor) |
| 250 ## - EDITION | |
| Edition statement | 20th edition |
| 260 ## - PUBLICATION INFORMATION | |
| Place of publication | Boca Raton, FL, |
| Name of publisher | CRC Press/Taylor & Francis Group, |
| Year of publication | 2017 |
| 300 ## - DESCRIPTION | |
| Number of Pages | xviii, 254 pages; |
| Dimensions | 25 cm |
| 500 ## - NOTES | |
| General note | Includes index. |
| 505 ## - FORMATTED CONTENTS NOTE | |
| Table of Content | The development and anatomy of the female sexual organs and pelvis<br/>Gynaecological history, examination and investigations<br/>Hormonal control of the menstrual cycle and hormonal disorders<br/>Disorders of menstrual bleeding<br/>Implantation and early pregnancy<br/>Contraception<br/>Sub-fertility<br/>The menopause and post reproductive health<br/>Genitourinary problems<br/>Urogynaecology and pelvic floor problems<br/>Benign conditions of the ovary and pelvis<br/>Benign conditions of the uterus, cervix and endometrium<br/>Benign conditions of the vulva and vagina and psychosexual disorders<br/>Malignant disease of the ovary<br/>Malignant disease of the uterus<br/>Premalignant and malignant disease of the lower genital tract<br/>Gynaecological surgery and therapeutics |
| 650 ## - SUBJECTS | |
| Topical Term | Generative organs, Female Diseases |
| 650 ## - SUBJECTS | |
| Topical Term | Genital Diseases, Female |
| 650 ## - SUBJECTS | |
| Topical Term | Gynecologic pathology |
| 650 ## - SUBJECTS | |
| Topical Term | Gynecology |
| 942 ## - ADDED ENTRY ELEMENTS (KOHA) | |
| Koha item type | Books |
| Withdrawn status | Lost status | Collection code | Home library | Current library | Shelving location | Date acquired | Source of acquisition | Full call number | Accession Number | Koha item type |
|---|---|---|---|---|---|---|---|---|---|---|
| Reference | Methodist University Library Main | Methodist University Library Main | General Stacks | 12/05/2023 | EPP BOOKS | RG123 .G99 | 8814 | Books | ||
| Reference | Methodist University Library Main | Methodist University Library Main | General Stacks | 12/05/2023 | EPP BOOKS | RG123 .G99 | 8815 | Books |